Central Library OPAC University of Rajshahi

Scandinavian lands / (Record no. 21721)

MARC details
000 -LEADER
fixed length control field 00851cam a22002771 4500
001 - CONTROL NUMBER
control field 21721
003 - CONTROL NUMBER IDENTIFIER
rucl marc code BD-RjUL
005 - DATE AND TIME OF LATEST TRANSACTION
control field 20211209000724.0
008 - FIXED-LENGTH DATA ELEMENTS--GENERAL INFORMATION
fixed length control field 140305r19661964nyuab 001 0 eng d
035 ## - SYSTEM CONTROL NUMBER
System control number (BD-RjUL)21786
System control number (OCoLC)8103651
040 ## - CATALOGING SOURCE
Original cataloging agency DLC
Transcribing agency NjTS
Modifying agency Uk
-- DLC
-- BD-RjUL
Language of cataloging eng
041 ## - LANGUAGE CODE
Language code of text/sound track or separate title eng
082 00 - DEWEY DECIMAL CLASSIFICATION NUMBER
Classification number 914.8
Author mark and year MIS 1966
100 1# - MAIN ENTRY--PERSONAL NAME
Personal name Millward, Roy.
9 (RLIN) 67068
245 10 - TITLE STATEMENT
Title Scandinavian lands /
Statement of responsibility, etc. Roy. Millward
260 ## - PUBLICATION, DISTRIBUTION, ETC. (IMPRINT)
Place of publication, distribution, etc. New York :
Name of publisher, distributor, etc. Macmillan,
Date of publication, distribution, etc. 1964. [Reprinted 1966]
300 ## - PHYSICAL DESCRIPTION
Pagination xvi, 487 p. :
Illustrations illus., maps. ;
Size 23 cm.
504 ## - BIBLIOGRAPHY, ETC. NOTE
Bibliography, etc Bibliography: p. 465-472. and Index
650 #0 - SUBJECT ADDED ENTRY--TOPICAL TERM
Topical term or geographic name as entry element Natural resources
Geographic subdivision Scandinavia.
9 (RLIN) 67069
651 #0 - SUBJECT ADDED ENTRY--GEOGRAPHIC NAME
Geographic name Scandinavia
General subdivision Economic conditions.
9 (RLIN) 67070
Geographic name Scandinavia
General subdivision Description and travel.
9 (RLIN) 67071
942 ## - ADDED ENTRY ELEMENTS (KOHA)
Source of classification or shelving scheme Dewey Decimal Classification
Koha item type Books
Holdings
Lost status Source of classification or shelving scheme Damaged status Not for loan Collection code Permanent Location Current Location Shelving location Date acquired Source of acquisition Cost, normal purchase price Total Checkouts Full call number Date last seen Copy number Koha item type
  Dewey Decimal Classification     Non-fiction Central Library, University of Rajshahi Central Library, University of Rajshahi   29/08/1968 Zeittinger 45.00   914.8 MIS 1966 05/03/2014 C-3 Books